OCEANIA but Not Oceanian Quiz Stats

 Plays Quiz Updated Jul 20, 2018

Challenge
Share
Tweet
Embed
Score 0/51 Timer 11:00
1 Play Today
Country % Correct
Oman
97%
Canada
92.2%
India
91.1%
Iceland
89.4%
Estonia
88.8%
Eritrea
88.7%
Ireland
88.5%
China
87.8%
Iran
87.7%
Iraq
87.6%
Indonesia
87.5%
Chile
87.2%
Ethiopia
87%
Niger
86.6%
Italy
86.3%
Nigeria
86.2%
Ecuador
86.1%
Albania
85.5%
Azerbaijan
85.5%
Argentina
85.4%
Cambodia
85.2%
Czechia
84.9%
Colombia
84.7%
Armenia
84.7%
Cameroon
84.3%
Andorra
84.2%
Country % Correct
Austria
84%
Afghanistan
83.9%
Egypt
83.8%
Algeria
83.3%
Croatia
83%
Chad
82.7%
Israel
81.9%
Nicaragua
81.4%
Cuba
81.3%
Namibia
81%
Norway
80.8%
Angola
80.7%
Costa Rica
79.5%
Cyprus
78.7%
El Salvador
78.3%
Comoros
77.7%
Netherlands
75.7%
North Korea
75.4%
Antigua and Barbuda
75.3%
Nepal
73.7%
Cen. Afr. Rep.
72.9%
Cabo Verde
71.4%
Cote d'Ivoire
71%
Equatorial Guinea
70.5%
eSwatini
29.2%

You're not logged in!

Compare scores with friends on all Sporcle quizzes.
Join for Free
OR
Log In

You Might Also Like...

Show Comments

Extras

Top Quizzes Today


Score Distribution

Your Account Isn't Verified!

In order to create a playlist on Sporcle, you need to verify the email address you used during registration. Go to your Sporcle Settings to finish the process.

Report this User

Report this user for behavior that violates our Community Guidelines.

Details: